[Event "CP-2020-S-00001"]
[Site "LSS email"]
[Date "2020.02.03"]
[Round "?"]
[White "Pocivavsek, Darko"]
[Black "Posada, Charlie"]
[Result "1/2-1/2"]
[WhiteElo "2284"]
[BlackElo "2230"]
[PlyCount "79"]
[EventDate "2020.02.03"]
[EventType "tourn (corr)"]
[EventRounds "7"]
[EventCountry "GER"]
[SourceTitle "Corr 2022"]
[Source "ChessBase"]
[SourceDate "2021.10.24"]
[SourceVersion "1"]
[SourceVersionDate "2021.10.24"]
[SourceQuality "1"]

1. e4 Nc6 2. Nf3 e5 3. Bb5 a6 4. Ba4 Nf6 5. 0-0 Be7 6. Re1 b5 7. Bb3 0-0 8. a4 b4 9. a5 d6 10. d3 Be6 11. Bxe6 fxe6 12. Nbd2 d5 13. exd5 exd5 14. Nxe5 Nxe5 15. Rxe5 Bc5 16. Rf5 Qd7 17. Rf4 Rae8 18. d4 Bd6 19. Rf3 g5 20. Nf1 g4 21. Re3 Ne4 22. f3 Qf7 23. Qe2 gxf3 24. Rxf3 Nc3 25. Qf2 Ne2+ 26. Kh1 Nxc1 27. Rxc1 Qg6 28. c3 Rxf3 29. Qxf3 Qe4 30. cxb4 Qxd4 31. Rd1 Qxb2 32. Qxd5+ Kh8 33. Qc6 Rf8 34. Qxa6 Qxb4 35. Ng3 Qc5 36. Qd3 Qxa5 37. Ne4 Qe5 38. Nxd6 cxd6 39. h3 h5 40. Qd2 1/2-1/2

[Event "SM-2020-0-00418"]
[Site "LSS email"]
[Date "2020.01.18"]
[Round "?"]
[White "Willmann, Bernd"]
[Black "Posada, Charlie"]
[Result "1/2-1/2"]
[WhiteElo "2346"]
[BlackElo "2230"]
[PlyCount "74"]
[EventDate "2020.01.17"]
[EventType "tourn (corr)"]
[EventRounds "6"]
[EventCountry "GER"]
[SourceTitle "Corr 2022"]
[Source "ChessBase"]
[SourceDate "2021.10.24"]
[SourceVersion "1"]
[SourceVersionDate "2021.10.24"]
[SourceQuality "1"]

1. e4 Nc6 2. Nf3 e5 3. Bc4 Bc5 4. c3 Nf6 5. d3 a6 6. 0-0 Ba7 7. Nbd2 d6 8. a4 0-0 9. h3 Ne7 10. Bb3 Ng6 11. Re1 Nh5 12. Nf1 Nhf4 13. Be3 c6 14. Bxa7 Rxa7 15. d4 Qf6 16. Ne3 Ra8 17. a5 Rb8 18. Bc2 Re8 19. Ng4 Qe6 20. Ne3 Qf6 21. Ra4 Bxh3 22. gxh3 Nxh3+ 23. Kf1 Ngf4 24. Re2 Nxe2 25. Kxe2 Nf4+ 26. Kd2 h5 27. Qh1 b5 28. axb6 Rxb6 29. Nc4 Rbb8 30. Rxa6 Ne6 31. dxe5 Qf4+ 32. Kd1 Nc5 33. Rxc6 Nxe4 34. Ke2 d5 35. Qh4 Qxh4 36. Nxh4 dxc4 37. Bxe4 Rxe5 1/2-1/2

[Event "CP-2018-Q-00008"]
[Site "LSS email"]
[Date "2018.11.28"]
[Round "?"]
[White "Osipov, AleksNdr"]
[Black "Posada, Charlie"]
[Result "1/2-1/2"]
[WhiteElo "2204"]
[BlackElo "2187"]
[PlyCount "64"]
[EventDate "2018.12.01"]
[EventType "tourn (corr)"]
[EventRounds "6"]
[EventCountry "GER"]
[SourceTitle "Corr 2022"]
[Source "ChessBase"]
[SourceDate "2021.10.24"]
[SourceVersion "1"]
[SourceVersionDate "2021.10.24"]
[SourceQuality "1"]

1. d4 e6 2. c4 Nf6 3. Nf3 d5 4. g3 Be7 5. Bg2 0-0 6. 0-0 dxc4 7. Qc2 b5 8. a4 b4 9. Nfd2 c6 10. Nxc4 Qxd4 11. Rd1 Qc5 12. Be3 Qh5 13. Nbd2 Ng4 14. Nf3 Nxe3 15. Nxe3 a5 16. Nd4 Ba6 17. Bf3 Qc5 18. Qxc5 Bxc5 19. Rac1 Be7 20. Kf1 Ra7 21. Bxc6 Bf6 22. Be4 g6 23. Rc2 Rd8 24. Nb3 Rxd1+ 25. Nxd1 Nd7 26. Bc6 Bc8 27. Bb5 Nb6 28. Rc6 Bd8 29. Nc5 e5 30. f3 Rc7 31. Rxc7 Bxc7 32. Nb3 Be6 1/2-1/2

[Event "CP-2018-Q-00008"]
[Site "LSS email"]
[Date "2018.11.28"]
[Round "?"]
[White "Posada, Charlie"]
[Black "Herzog, Agnes"]
[Result "1/2-1/2"]
[WhiteElo "2187"]
[BlackElo "1886"]
[PlyCount "46"]
[EventDate "2018.12.01"]
[EventType "tourn (corr)"]
[EventRounds "6"]
[EventCountry "GER"]
[SourceTitle "Corr 2022"]
[Source "ChessBase"]
[SourceDate "2021.10.24"]
[SourceVersion "1"]
[SourceVersionDate "2021.10.24"]
[SourceQuality "1"]

1. e4 e5 2. Nf3 Nc6 3. Bb5 Nf6 4. 0-0 Nxe4 5. d4 Nd6 6. Bxc6 dxc6 7. dxe5 Nf5 8. Qxd8+ Kxd8 9. Rd1+ Ke8 10. Nc3 Ne7 11. Ne4 Ng6 12. Nd4 Bg4 13. f3 Bd7 14. Re1 c5 15. Ne2 b6 16. b3 Bc6 17. Nf4 Nxf4 18. Bxf4 Bxe4 19. Rxe4 Kd7 20. Rd1+ Ke6 21. Bg5 h6 22. Bd8 Rc8 23. c4 Be7 1/2-1/2

[Event "SA-2018-0-00655"]
[Site "LSS email"]
[Date "2018.11.01"]
[Round "?"]
[White "Brotherton, Trevor S"]
[Black "Posada, Charlie"]
[Result "0-1"]
[WhiteElo "2082"]
[BlackElo "2187"]
[PlyCount "102"]
[EventDate "2018.09.23"]
[EventType "tourn (corr)"]
[EventRounds "6"]
[EventCountry "GER"]
[SourceTitle "Corr 2022"]
[Source "ChessBase"]
[SourceDate "2021.10.24"]
[SourceVersion "1"]
[SourceVersionDate "2021.10.24"]
[SourceQuality "1"]

1. f4 d5 2. Nf3 g6 3. g3 Bg7 4. Bg2 Nf6 5. 0-0 0-0 6. d3 b6 7. Ne5 Bb7 8. e3 e6 9. b3 Nfd7 10. d4 Nxe5 11. fxe5 c5 12. Bb2 Nc6 13. Qe2 Rc8 14. c3 h5 15. Na3 Ne7 16. Nb5 Ba6 17. a4 Nf5 18. Bh3 Qe7 19. Rad1 Rfd8 20. Rf2 Rd7 21. Ba3 Qd8 22. Qf3 c4 23. b4 Ra8 24. Bc1 Bxb5 25. axb5 a5 26. Rb2 axb4 27. Rxb4 Ra1 28. e4 dxe4 29. Qxe4 h4 30. Bxf5 exf5 31. Qe2 Bxe5 32. Qxe5 Re7 33. Qf4 Re2 34. Qf3 Qe8 35. gxh4 Re1+ 36. Rxe1 Qxe1+ 37. Qf1 Qxc1 38. Qxc1 Rxc1+ 39. Kf2 Rxc3 40. h5 g5 41. d5 Kg7 42. Ke2 g4 43. d6 Kf6 44. h4 gxh3 45. Kf2 Rc2+ 46. Kg1 Kg5 47. d7 Rd2 48. h6 Kxh6 49. Rxc4 Kg5 50. Rc8 Rxd7 51. Kh2 Kg4 0-1

[Event "ZH-2018-0-01679"]
[Site "LSS email"]
[Date "2018.06.09"]
[Round "?"]
[White "Posada, Charlie"]
[Black "Tylecek, Drahomir"]
[Result "1/2-1/2"]
[WhiteElo "2205"]
[BlackElo "2179"]
[PlyCount "42"]
[EventDate "2018.05.07"]
[EventType "match (corr)"]
[EventRounds "2"]
[EventCountry "GER"]
[SourceTitle "Corr 2022"]
[Source "ChessBase"]
[SourceDate "2021.10.24"]
[SourceVersion "1"]
[SourceVersionDate "2021.10.24"]
[SourceQuality "1"]

1. e4 e5 2. Nf3 Nc6 3. Bb5 a6 4. Bxc6 dxc6 5. d4 exd4 6. Qxd4 Qxd4 7. Nxd4 Bd7 8. Nc3 0-0-0 9. Be3 Bd6 10. 0-0-0 Ne7 11. f3 Ng6 12. Nde2 h5 13. b3 b5 14. h4 Kb7 15. Kb1 f6 16. Nc1 c5 17. Nd3 Kc6 18. Nd5 Be6 19. N3f4 Nxf4 20. Bxf4 Bxd5 21. exd5+ Kd7 1/2-1/2

[Event "WC-2018-P-00010"]
[Site "LSS email"]
[Date "2018.01.22"]
[Round "?"]
[White "Mesquita, Fausto Monteiro Jr"]
[Black "Posada, Charlie"]
[Result "1/2-1/2"]
[WhiteElo "2029"]
[BlackElo "2191"]
[PlyCount "56"]
[EventDate "2018.02.01"]
[EventType "tourn (corr)"]
[EventRounds "12"]
[EventCountry "GER"]
[SourceTitle "Corr 2022"]
[Source "ChessBase"]
[SourceDate "2021.10.24"]
[SourceVersion "1"]
[SourceVersionDate "2021.10.24"]
[SourceQuality "1"]

1. d4 Nf6 2. c4 e6 3. Nf3 b6 4. g3 Bb7 5. Bg2 Bb4+ 6. Bd2 Bxd2+ 7. Qxd2 0-0 8. Nc3 d5 9. Ne5 Nbd7 10. 0-0 Qe7 11. Rfd1 Rad8 12. Qf4 c5 13. cxd5 Nxd5 14. Nxd5 exd5 15. Nxd7 Rxd7 16. dxc5 bxc5 17. e3 Rfd8 18. Rac1 h5 19. Rc2 g6 20. b3 Ba6 21. Bh3 g5 22. Qa4 Rd6 23. b4 c4 24. Rd4 Rb6 25. Rb2 h4 26. Qc2 Rxb4 27. Rxb4 Qxb4 28. gxh4 Qe1+ 1/2-1/2

[Event "WC-2018-P-00010"]
[Site "LSS email"]
[Date "2018.01.22"]
[Round "?"]
[White "Posada, Charlie"]
[Black "Henke, Simon"]
[Result "1-0"]
[WhiteElo "2191"]
[BlackElo "1658"]
[PlyCount "91"]
[EventDate "2018.02.01"]
[EventType "tourn (corr)"]
[EventRounds "12"]
[EventCountry "GER"]
[SourceTitle "Corr 2022"]
[Source "ChessBase"]
[SourceDate "2021.10.24"]
[SourceVersion "1"]
[SourceVersionDate "2021.10.24"]
[SourceQuality "1"]

1. e4 c5 2. Nf3 e6 3. d4 cxd4 4. Nxd4 a6 5. c4 Nf6 6. Nc3 Bb4 7. Qd3 Bxc3+ 8. bxc3 Nc6 9. Nxc6 dxc6 10. Bf4 Qxd3 11. Bxd3 Nd7 12. Bd6 c5 13. e5 f6 14. exf6 gxf6 15. 0-0-0 Kf7 16. Rhe1 b6 17. Be4 Ra7 18. Bg3 f5 19. Bf3 Nf6 20. Rd6 b5 21. Rb6 Rd8 22. Bb8 Rad7 23. Rexe6 Rd1+ 24. Bxd1 Bxe6 25. Bd6 Ne4 26. Bh5+ Kf6 27. Bg3 Nxg3 28. hxg3 Ke7 29. Be2 Rd6 30. Rxd6 Kxd6 31. cxb5 axb5 32. a3 Bd7 33. Kd2 Ke5 34. Ke3 Bc6 35. f4+ Kd6 36. Kf2 Bd7 37. g4 fxg4 38. Kg3 Kd5 39. Bxg4 Be8 40. Kh4 Kc4 41. f5 Kxc3 42. f6 Bf7 43. Bh5 Bd5 44. f7 Bxf7 45. Bxf7 Kb2 46. Be8 1-0

[Event "WC-2018-P-00010"]
[Site "LSS email"]
[Date "2018.01.22"]
[Round "?"]
[White "Posada, Charlie"]
[Black "Mauro, Lucio"]
[Result "1/2-1/2"]
[WhiteElo "2191"]
[BlackElo "2233"]
[PlyCount "73"]
[EventDate "2018.02.01"]
[EventType "tourn (corr)"]
[EventRounds "12"]
[EventCountry "GER"]
[SourceTitle "Corr 2022"]
[Source "ChessBase"]
[SourceDate "2021.10.24"]
[SourceVersion "1"]
[SourceVersionDate "2021.10.24"]
[SourceQuality "1"]

1. e4 c5 2. Nf3 d6 3. d4 cxd4 4. Nxd4 Nf6 5. Nc3 a6 6. Bg5 e6 7. f4 h6 8. Bh4 Qb6 9. a3 Be7 10. Bf2 Qc7 11. g4 Nc6 12. h3 Rb8 13. Bg2 0-0 14. 0-0 Nxd4 15. Qxd4 b5 16. Rad1 Bb7 17. Qe3 Ba8 18. e5 dxe5 19. Qxe5 Rfc8 20. Qxc7 Rxc7 21. Bd4 Rc4 22. Be5 Bxg2 23. Kxg2 Rb7 24. Rd4 Rc6 25. Rd3 Nd7 26. Bd4 a5 27. Rd2 Nb6 28. Bxb6 Rbxb6 29. Nd1 Bf6 30. Rff2 Rc8 31. Kg3 g5 32. fxg5 Be5+ 33. Kf3 hxg5 34. Rfe2 Rd6 35. Rxd6 Bxd6 36. c3 Kf8 37. Re4 1/2-1/2

[Event "RA-2018-0-00561"]
[Site "LSS email"]
[Date "2018.01.21"]
[Round "?"]
[White "Posada, Charlie"]
[Black "Rolle, Hannes"]
[Result "0-1"]
[WhiteElo "2171"]
[BlackElo "2290"]
[PlyCount "101"]
[EventDate "2017.12.28"]
[EventType "tourn (corr)"]
[EventRounds "6"]
[EventCountry "GER"]
[SourceTitle "Corr 2022"]
[Source "ChessBase"]
[SourceDate "2021.10.24"]
[SourceVersion "1"]
[SourceVersionDate "2021.10.24"]
[SourceQuality "1"]

1. e4 c5 2. Nf3 d6 3. d4 cxd4 4. Nxd4 Nf6 5. Nc3 a6 6. Be2 e5 7. Nb3 Be7 8. Be3 Be6 9. 0-0 0-0 10. Qd2 Nbd7 11. a4 Rc8 12. a5 Qc7 13. Bf3 h6 14. Rfd1 Rfe8 15. Qe1 d5 16. exd5 Bf5 17. Qd2 Bd6 18. h3 e4 19. Be2 Ne5 20. Nd4 Bd7 21. Kh1 Ng6 22. Na4 Nxd5 23. Nb3 Bc6 24. Nb6 Nxe3 25. fxe3 Rcd8 26. Nd4 Bc5 27. Qe1 Bxb6 28. axb6 Qxb6 29. Qa5 Qxa5 30. Rxa5 Ne5 31. g4 Rd6 32. Kg2 Bd7 33. Rc5 Nc6 34. c3 Re5 35. Rxe5 Nxe5 36. Kg3 g5 37. b4 b5 38. Ra1 Kf8 39. Bf1 Bc8 40. Nb3 Nd3 41. Nd4 Bb7 42. Be2 Ne5 43. Nf5 Rd2 44. Kf2 h5 45. Ke1 Rd5 46. gxh5 Bc8 47. Nd4 Rd6 48. Bf1 Kg7 49. Kf2 f5 50. Rd1 Rh6 51. Nb3 0-1

[Event "RA-2018-0-00561"]
[Site "LSS email"]
[Date "2018.01.21"]
[Round "?"]
[White "Susla, Vitaliy"]
[Black "Posada, Charlie"]
[Result "1/2-1/2"]
[WhiteElo "2353"]
[BlackElo "2171"]
[PlyCount "65"]
[EventDate "2017.12.28"]
[EventType "tourn (corr)"]
[EventRounds "6"]
[EventCountry "GER"]
[SourceTitle "Corr 2022"]
[Source "ChessBase"]
[SourceDate "2021.10.24"]
[SourceVersion "1"]
[SourceVersionDate "2021.10.24"]
[SourceQuality "1"]

1. d4 Nf6 2. c4 e6 3. Nf3 b6 4. g3 Bb7 5. Bg2 Bb4+ 6. Bd2 Bxd2+ 7. Qxd2 0-0 8. 0-0 d6 9. Nc3 Ne4 10. Nxe4 Bxe4 11. Qf4 Bb7 12. e4 Nd7 13. b3 Qe7 14. Qe3 e5 15. d5 a5 16. Nd2 g6 17. a3 Ba6 18. Bh3 Bc8 19. Bg2 Ba6 20. Bh3 Bc8 21. Rae1 Nc5 22. Bxc8 Raxc8 23. b4 Nd7 24. Nb1 f5 25. exf5 gxf5 26. f4 Qg7 27. Nc3 Rce8 28. Qd3 exf4 29. Rxe8 Rxe8 30. Rxf4 Qf6 31. Nb5 Re1+ 32. Kf2 Rc1 33. Kg2 1/2-1/2

[Event "SA-2018-0-00620"]
[Site "LSS email"]
[Date "2018.01.18"]
[Round "?"]
[White "Posada, Charlie"]
[Black "Muniz Pardino, Alberto"]
[Result "1/2-1/2"]
[WhiteElo "2171"]
[BlackElo "2265"]
[PlyCount "44"]
[EventDate "2017.12.23"]
[EventType "tourn (corr)"]
[EventRounds "6"]
[EventCountry "GER"]
[SourceTitle "Corr 2022"]
[Source "ChessBase"]
[SourceDate "2021.10.24"]
[SourceVersion "1"]
[SourceVersionDate "2021.10.24"]
[SourceQuality "1"]

1. e4 c5 2. Nf3 d6 3. d4 cxd4 4. Nxd4 Nf6 5. Nc3 g6 6. Be3 Bg7 7. f3 Nc6 8. Qd2 0-0 9. g4 Be6 10. Nxe6 fxe6 11. 0-0-0 Ne5 12. Be2 Qc8 13. h4 Nfd7 14. f4 Nc4 15. Bxc4 Qxc4 16. e5 Rad8 17. exd6 Nf6 18. Qe2 Qxe2 19. Nxe2 exd6 20. Rhg1 a6 21. c3 b5 22. Kc2 Nd5 1/2-1/2

[Event "SA-2018-0-00620"]
[Site "LSS email"]
[Date "2018.01.15"]
[Round "?"]
[White "Posada, Charlie"]
[Black "Zielinski, Sergej"]
[Result "1/2-1/2"]
[WhiteElo "2171"]
[BlackElo "2290"]
[PlyCount "51"]
[EventDate "2017.12.23"]
[EventType "tourn (corr)"]
[EventRounds "6"]
[EventCountry "GER"]
[SourceTitle "Corr 2022"]
[Source "ChessBase"]
[SourceDate "2021.10.24"]
[SourceVersion "1"]
[SourceVersionDate "2021.10.24"]
[SourceQuality "1"]

1. e4 e5 2. Nf3 Nc6 3. Bb5 a6 4. Ba4 Nf6 5. Bxc6 dxc6 6. d3 Bd6 7. 0-0 0-0 8. h3 h6 9. Re1 Be6 10. b3 Re8 11. Bb2 Nh5 12. Nxe5 Nf4 13. Qf3 Qg5 14. Qg3 Bxh3 15. Nf3 Qxg3 16. fxg3 Nxg2 17. Re2 Bxg3 18. Rxg2 Bxg2 19. Kxg2 Bf4 20. Nc3 f5 21. Rg1 fxe4 22. Nxe4 Re7 23. Kh3 Bd6 24. Nd4 Rf7 25. Ne6 g5 26. Kg4 1/2-1/2

[Event "RA-2018-0-00558"]
[Site "LSS email"]
[Date "2018.01.03"]
[Round "?"]
[White "Husemann, Andreas"]
[Black "Posada, Charlie"]
[Result "1/2-1/2"]
[WhiteElo "2214"]
[BlackElo "2168"]
[PlyCount "56"]
[EventDate "2017.12.08"]
[EventType "tourn (corr)"]
[EventRounds "6"]
[EventCountry "GER"]
[SourceTitle "Corr 2022"]
[Source "ChessBase"]
[SourceDate "2021.10.24"]
[SourceVersion "1"]
[SourceVersionDate "2021.10.24"]
[SourceQuality "1"]

1. d4 Nf6 2. c4 e6 3. g3 d5 4. Bg2 Be7 5. Nf3 0-0 6. 0-0 Nbd7 7. Qc2 c6 8. b3 b6 9. Rd1 Ba6 10. Nbd2 c5 11. e4 dxc4 12. Nxc4 cxd4 13. e5 Nd5 14. Nxd4 Rc8 15. Qb2 Bxc4 16. bxc4 Rxc4 17. Bxd5 exd5 18. Nf5 Bb4 19. Rxd5 Qc7 20. Rb1 Nxe5 21. Rxe5 Bc3 22. Re7 Bxb2 23. Rxc7 Rxc7 24. Bxb2 f6 25. Bd4 Rc2 26. Rb2 Rxb2 27. Bxb2 Rd8 28. Nd4 Kf7 1/2-1/2

[Event "CP-2017-P-00007"]
[Site "LSS email"]
[Date "2017.09.27"]
[Round "?"]
[White "Posada, Charlie"]
[Black "Sienkiewicz, Wojciech"]
[Result "1/2-1/2"]
[WhiteElo "2167"]
[BlackElo "2189"]
[PlyCount "48"]
[EventDate "2017.10.01"]
[EventType "tourn (corr)"]
[EventRounds "6"]
[EventCountry "GER"]
[SourceTitle "Corr 2022"]
[Source "ChessBase"]
[SourceDate "2021.10.24"]
[SourceVersion "1"]
[SourceVersionDate "2021.10.24"]
[SourceQuality "1"]

1. e4 c5 2. Nf3 Nc6 3. d4 cxd4 4. Nxd4 Nf6 5. Nc3 e5 6. Ndb5 d6 7. Bg5 a6 8. Na3 b5 9. Bxf6 gxf6 10. Nd5 f5 11. Bxb5 axb5 12. Nxb5 Ra4 13. Nbc7+ Kd7 14. 0-0 Rxe4 15. Qh5 Nd4 16. Rfd1 Kc6 17. Rd3 Rg8 18. Rc3+ Kb7 19. Qxf7 Ne2+ 20. Kh1 Nxc3 21. bxc3 Rg7 22. Rb1+ Kc6 23. Rb6+ Kc5 24. Rb5+ Kc6 1/2-1/2

[Event "RA-2017-0-00533"]
[Site "LSS email"]
[Date "2017.08.25"]
[Round "?"]
[White "Tylecek, Drahomir"]
[Black "Posada, Charlie"]
[Result "1/2-1/2"]
[WhiteElo "2243"]
[BlackElo "2122"]
[PlyCount "41"]
[EventDate "2017.07.30"]
[EventType "tourn (corr)"]
[EventRounds "6"]
[EventCountry "GER"]
[SourceTitle "Corr 2022"]
[Source "ChessBase"]
[SourceDate "2021.10.24"]
[SourceVersion "1"]
[SourceVersionDate "2021.10.24"]
[SourceQuality "1"]

1. c4 Nf6 2. d4 e6 3. Nc3 d5 4. Bg5 Be7 5. Nf3 b6 6. cxd5 Nxd5 7. Nxd5 exd5 8. Bxe7 Qxe7 9. e3 0-0 10. Be2 Be6 11. Rc1 c5 12. b3 Nd7 13. 0-0 a5 14. Re1 Rfc8 15. Bd3 Nf6 16. Ne5 cxd4 17. Nc6 Qa3 18. Nxd4 Qxa2 19. Nc6 Qa3 20. b4 Rc7 21. Ra1 1/2-1/2

[Event "RA-2017-0-00533"]
[Site "LSS email"]
[Date "2017.08.24"]
[Round "?"]
[White "Almeraya, Eduardo"]
[Black "Posada, Charlie"]
[Result "1/2-1/2"]
[WhiteElo "2222"]
[BlackElo "2122"]
[PlyCount "182"]
[EventDate "2017.07.30"]
[EventType "tourn (corr)"]
[EventRounds "6"]
[EventCountry "GER"]
[SourceTitle "Corr 2022"]
[Source "ChessBase"]
[SourceDate "2021.10.24"]
[SourceVersion "1"]
[SourceVersionDate "2021.10.24"]
[SourceQuality "1"]

1. Nf3 Nf6 2. d4 e6 3. c4 b6 4. g3 Bb7 5. Bg2 Bb4+ 6. Bd2 Bxd2+ 7. Qxd2 0-0 8. Nc3 d5 9. Ne5 c6 10. 0-0 Ne8 11. e4 f6 12. Ng4 dxc4 13. Rfd1 Nd7 14. Ne3 Nd6 15. e5 Nf7 16. exf6 Nxf6 17. Nxc4 Qc7 18. Qe2 Ba6 19. Rac1 Rad8 20. b3 Qd7 21. Qe1 Bxc4 22. bxc4 Nd6 23. c5 Nf5 24. Ne2 Nd5 25. Kh1 Nde7 26. a4 h6 27. Kg1 Rfe8 28. Kh1 Rf8 29. cxb6 axb6 30. a5 bxa5 31. Qxa5 Qd6 32. Qe1 Rfe8 33. Be4 Rf8 34. Kg1 Kh8 35. Qc3 Rd7 36. Bf3 Nd5 37. Bxd5 cxd5 38. Nf4 Nh4 39. Qc5 Kg8 40. Qc6 Rf6 41. Qxd6 Rxd6 42. Rc7 Rd8 43. Nh5 Rg6 44. h3 Nf3+ 45. Kg2 Rf8 46. g4 Nh4+ 47. Kg3 Nf5+ 48. Kg2 Nh4+ 49. Kh2 Nf3+ 50. Kg3 Ng5 51. Kg2 Nf3 52. Rc3 Nh4+ 53. Kg3 Nf5+ 54. Kg2 Nh4+ 55. Kf1 Rg5 56. Rc7 Nf3 57. Kg2 Rg6 58. Ra7 Nh4+ 59. Kg3 Nf5+ 60. Kh2 Nh4 61. Kg3 Nf5+ 62. Kh2 Nh4 63. Rd3 Rg5 64. Kg3 Nf5+ 65. Kh2 Nh4 66. Kg3 Nf5+ 67. Kg2 Nh4+ 68. Kh2 Kh8 69. f4 Rxh5 70. gxh5 Nf5 71. Ra6 Re8 72. Rda3 Kg8 73. R6a4 Kf7 74. Kg2 g6 75. Ra8 Rxa8 76. Rxa8 Nxd4 77. hxg6+ Kxg6 78. Ra4 Nf5 79. Kf2 Kf6 80. Ra7 Kg6 81. Ra6 Kf6 82. Ra8 Nd4 83. Rh8 Nf5 84. Ke2 Kg7 85. Rc8 Kf6 86. Kf3 Nd6 87. Rf8+ Kg7 88. Rb8 Kf6 89. Kg4 Nc4 90. Kf3 Nd6 91. Kg4 Nc4 1/2-1/2

[Event "RA-2017-0-00533"]
[Site "LSS email"]
[Date "2017.08.23"]
[Round "?"]
[White "Posada, Charlie"]
[Black "Morcin, Tom"]
[Result "1/2-1/2"]
[WhiteElo "2122"]
[BlackElo "2239"]
[PlyCount "74"]
[EventDate "2017.07.30"]
[EventType "tourn (corr)"]
[EventRounds "6"]
[EventCountry "GER"]
[SourceTitle "Corr 2022"]
[Source "ChessBase"]
[SourceDate "2021.10.24"]
[SourceVersion "1"]
[SourceVersionDate "2021.10.24"]
[SourceQuality "1"]

1. e4 e5 2. Nf3 Nc6 3. Bb5 a6 4. Ba4 Nf6 5. 0-0 Be7 6. Bxc6 dxc6 7. d3 Nd7 8. Be3 0-0 9. Nbd2 Re8 10. a4 a5 11. h3 b6 12. Nc4 f6 13. Nh4 g6 14. Qg4 Nf8 15. Qg3 Kh8 16. Nf3 Ne6 17. h4 c5 18. Rfe1 Bf8 19. b3 Qd7 20. Nfd2 Bg7 21. h5 g5 22. f3 Bh6 23. Qh2 Qd8 24. Nf1 Nd4 25. Ra2 c6 26. Ncd2 b5 27. g4 Bf8 28. Qf2 Be6 29. Rc1 Re7 30. Ng3 Rd7 31. Kg2 Bg8 32. Nf5 Be6 33. Qe1 Rb8 34. Raa1 Bd6 35. Bxd4 cxd4 36. Nxd6 Rxd6 37. Nf1 b4 1/2-1/2

[Event "SA-2017-0-00592"]
[Site "LSS email"]
[Date "2017.08.11"]
[Round "?"]
[White "Chernov, Igor"]
[Black "Posada, Charlie"]
[Result "0-1"]
[WhiteElo "2169"]
[BlackElo "2114"]
[PlyCount "120"]
[EventDate "2017.07.22"]
[EventType "tourn (corr)"]
[EventRounds "6"]
[EventCountry "GER"]
[SourceTitle "Corr 2022"]
[Source "ChessBase"]
[SourceDate "2021.10.24"]
[SourceVersion "1"]
[SourceVersionDate "2021.10.24"]
[SourceQuality "1"]

1. Nf3 Nf6 2. c4 e6 3. Nc3 Bb4 4. Qc2 0-0 5. e4 d6 6. a3 Bxc3 7. dxc3 e5 8. Bg5 Re8 9. Be2 h6 10. Bh4 Bg4 11. h3 Bxf3 12. Bxf3 Nbd7 13. 0-0 Nf8 14. Rad1 Ng6 15. Bg3 Qe7 16. b4 a5 17. Rb1 b6 18. Qd2 axb4 19. axb4 Ra3 20. Ra1 Rea8 21. Rxa3 Rxa3 22. Qb2 Ra6 23. Ra1 Rxa1+ 24. Qxa1 Qe8 25. Qa6 Qc6 26. Kh2 Ne7 27. h4 g5 28. hxg5 hxg5 29. c5 bxc5 30. b5 Qxa6 31. bxa6 Nc8 32. Kh3 Na7 33. Bh2 Kf8 34. Bg1 Ke7 35. g3 g4+ 36. Bxg4 Nxe4 37. c4 Nc3 38. f4 exf4 39. gxf4 Na2 40. Bf3 Nb4 41. Bb7 c6 42. Bf2 Nd3 43. Bh4+ Kd7 44. Kg4 Nb2 45. Bf2 Nxc4 46. Kg5 Nd2 47. Kf5 Nb3 48. Kf6 d5 49. Kxf7 d4 50. Kg6 d3 51. Be3 d2 52. Bxd2 Nxd2 53. f5 Ne4 54. f6 Nxf6 55. Kf5 c4 56. Kf4 Nd5+ 57. Ke4 c3 58. Kd3 Kc7 59. Kc2 Nb5 60. Kb3 Nd4+ 0-1

[Event "SA-2017-0-00592"]
[Site "LSS email"]
[Date "2017.08.11"]
[Round "?"]
[White "Jarabinsky, Martin"]
[Black "Posada, Charlie"]
[Result "1/2-1/2"]
[WhiteElo "2252"]
[BlackElo "2114"]
[PlyCount "60"]
[EventDate "2017.07.22"]
[EventType "tourn (corr)"]
[EventRounds "6"]
[EventCountry "GER"]
[SourceTitle "Corr 2022"]
[Source "ChessBase"]
[SourceDate "2021.10.24"]
[SourceVersion "1"]
[SourceVersionDate "2021.10.24"]
[SourceQuality "1"]

1. e4 e6 2. d4 d5 3. Nd2 c5 4. Ngf3 cxd4 5. exd5 Qxd5 6. Bc4 Qd6 7. 0-0 Nf6 8. Nb3 Nc6 9. Nbxd4 Nxd4 10. Nxd4 Be7 11. c3 0-0 12. Qf3 Qc7 13. Bd3 Bd7 14. Re1 Rfd8 15. Bf4 Bd6 16. Bxd6 Qxd6 17. Rad1 Qb6 18. Rd2 Rac8 19. Qe3 Bc6 20. Red1 Ba4 21. b3 Be8 22. Bf1 Nd5 23. Qe5 Nxc3 24. Nxe6 f6 25. Qg3 Qxe6 26. Rxd8 Nxd1 27. Rxd1 Bh5 28. f3 Bf7 29. Qd6 Qxd6 30. Rxd6 Be8 1/2-1/2

[Event "SA-2017-0-00592"]
[Site "LSS email"]
[Date "2017.08.11"]
[Round "?"]
[White "Posada, Charlie"]
[Black "Dehaybe, Andre"]
[Result "1/2-1/2"]
[WhiteElo "2114"]
[BlackElo "2215"]
[PlyCount "65"]
[EventDate "2017.07.22"]
[EventType "tourn (corr)"]
[EventRounds "6"]
[EventCountry "GER"]
[SourceTitle "Corr 2022"]
[Source "ChessBase"]
[SourceDate "2021.10.24"]
[SourceVersion "1"]
[SourceVersionDate "2021.10.24"]
[SourceQuality "1"]

1. e4 c5 2. Nf3 Nc6 3. d4 cxd4 4. Nxd4 Nf6 5. Nc3 d6 6. Bg5 e6 7. Qd2 a6 8. 0-0-0 Bd7 9. f4 h6 10. Bh4 b5 11. Bxf6 gxf6 12. f5 h5 13. Kb1 Qb6 14. fxe6 fxe6 15. Nxc6 Bxc6 16. Bd3 b4 17. Ne2 Bh6 18. Qe1 Ke7 19. Rf1 Qc5 20. g3 a5 21. Nf4 Bxf4 22. gxf4 Rhg8 23. e5 dxe5 24. fxe5 Qxe5 25. Qf2 Rad8 26. Rde1 Qd4 27. Qf5 Bd5 28. Qh7+ Kd6 29. Rd1 Rh8 30. Qf7 Rdf8 31. Qg7 Rfg8 32. Qf7 Rf8 33. Qg7 1/2-1/2

[Event "SA-2017-0-00592"]
[Site "LSS email"]
[Date "2017.08.11"]
[Round "?"]
[White "Posada, Charlie"]
[Black "Osipov, AleksNdr"]
[Result "1/2-1/2"]
[WhiteElo "2114"]
[BlackElo "2142"]
[PlyCount "65"]
[EventDate "2017.07.22"]
[EventType "tourn (corr)"]
[EventRounds "6"]
[EventCountry "GER"]
[SourceTitle "Corr 2022"]
[Source "ChessBase"]
[SourceDate "2021.10.24"]
[SourceVersion "1"]
[SourceVersionDate "2021.10.24"]
[SourceQuality "1"]

1. e4 c5 2. Nf3 d6 3. d4 cxd4 4. Nxd4 Nf6 5. Nc3 a6 6. Be2 e5 7. Nb3 Be7 8. Be3 Be6 9. 0-0 Nbd7 10. Kh1 Nb6 11. f4 Nc4 12. Bxc4 Bxc4 13. Re1 0-0 14. Nd2 Rc8 15. f5 d5 16. Nxc4 Rxc4 17. Nxd5 Rxe4 18. Nxf6+ Bxf6 19. Qf3 Rc4 20. c3 e4 21. Qf4 h6 22. Qg4 Kh7 23. Rad1 Qa5 24. a3 Rd8 25. Rxd8 Qxd8 26. h3 Qd7 27. Rd1 Qe8 28. Rd5 b5 29. Rd6 Rc6 30. Rd5 a5 31. Qe2 Rc4 32. Rd6 Rc8 33. Rd5 1/2-1/2